Statistics for Speed typing #4

Click here to take the quiz!

General Stats

  • This quiz has been taken 40 times
  • The average score is 15 of 21

Answer Stats

Answer% Correct
2002
100%
2000
96%
2001
96%
2003
96%
2004
96%
2005
96%
2006
96%
2007
92%
2009
92%
2008
88%
2010
88%
2011
69%
2012
65%
2013
58%
2014
50%
2015
50%
2016
42%
2017
27%
2018
23%
2019
15%
2020
15%

Score Distribution

Percentile by Number Answered

Percent of People with Each Score

Your Score History

You have not taken this quiz